| 000 | 01274nam0a2200337 4500 | ||
|---|---|---|---|
| 001 | RU\NLR\bibl\71999 | ||
| 005 | 20260405055622.0 | ||
| 010 |
_a5-86547-063-9 _91500 |
||
| 021 |
_aRU _b1999-43602 _92146 |
||
| 035 | _a(NLR Aleph) 001340836 | ||
| 090 |
_a859728 _c859728 |
||
| 100 | _a20000224d1998 |||y0rusy50 ca | ||
| 101 | 0 |
_arus _ajpn |
|
| 102 | _aRU | ||
| 105 | _aa ||||||||| | ||
| 200 | 1 |
_aКонтакт _eУчеб. пособие по аудированию для начинающих _fТакао Хино, Зинаида Пономарева |
|
| 210 |
_aСПб. _cЗлатоуст _d1998 |
||
| 215 |
_a104 с. _cил. _d28 |
||
| 300 | _aТекст парал. на яп. яз. | ||
| 606 | 0 |
_aРусский язык _jУчебные издания _91533567 _3RU\NLR\auth\66969347 |
|
| 686 | _aШ141.12-942 | ||
| 686 | _aШ141.12-93япон | ||
| 700 | 1 |
_4070 _8rus _7ca _aХино _bТ. _gТакао _3RU\NLR\auth\7719107 _92181 |
|
| 701 | 1 |
_4070 _7ca _8rus _aПономарева _bЗ. Н. _cканд. филол. наук _gЗинаида Николаевна _9237073 _3RU\NLR\AUTH\770237129 |
|
| 801 | 0 |
_aRU _bNLR _c20000224 _gPSBO |
|
| 801 | 1 |
_aRU _bNLR _c20000224 |
|
| 852 |
_aNLR _jОЛСАА |
||
| 942 | _cBOOK | ||
| 980 | _aNB | ||